<?xml version="1.0" encoding="UTF-8"?>
<marc:record xmlns:marc="http://www.loc.gov/MARC21/slim">
   <marc:leader>00000nam a2200000 a 4500</marc:leader>
   <marc:datafield ind1=" " ind2=" " tag="653">
      <marc:subfield code="a">Paw Patrol</marc:subfield>
   </marc:datafield>
   <marc:datafield ind1="0" ind2="0" tag="245">
      <marc:subfield code="a">Paw Patrol - Der Delfin-Freund</marc:subfield>
   </marc:datafield>
   <marc:datafield ind1="0" ind2="0" tag="245">
      <marc:subfield code="b">4 spannende Abenteuer</marc:subfield>
   </marc:datafield>
   <marc:datafield ind1=" " ind2="1" tag="264">
      <marc:subfield code="a">Düsseldorf</marc:subfield>
      <marc:subfield code="b">Boxine GmbH</marc:subfield>
      <marc:subfield code="c">2019</marc:subfield>
   </marc:datafield>
   <marc:datafield ind1="1" ind2=" " tag="490">
      <marc:subfield code="a">Paw Patrol</marc:subfield>
   </marc:datafield>
   <marc:datafield ind1="1" ind2=" " tag="520">
      <marc:subfield code="a">Das sind Chase, Marshall, Rocky, Zuma, Rubble und Skye. Die sechs heldenhaften Hunde werden von dem 10-jährigen Technikliebhaber Ryder angeführt. Mit ihren ganz speziellen Fähigkeiten und coolen Fahrzeugen schaffen sie es, jede Mission zu bewältigen – egal wie groß&#xD;
die Herausforderung scheint! Dieses Mal hat sich ein kleiner Delfin in einem Fluss verirrt und braucht Hilfe, um wieder zurück ins Meer zu kommen. Außerdem stürzt ein UFO über der Adventure Bay ab und der geheimnisvolle Außerirdische muss gefunden werden. Doch für die PAW Patrol gilt: Kein Einsatz zu groß, keine Pfote zu klein!&#xD;
Titelliste&#xD;
&#xD;
    01 - Pinguine an Board&#xD;
    02 - Der Delfin-Freund&#xD;
    03 - Der Besucher aus dem All&#xD;
    04 - Der fliegende Frosch</marc:subfield>
   </marc:datafield>
   <marc:datafield ind1="3" ind2=" " tag="024">
      <marc:subfield code="a">4251192122971</marc:subfield>
   </marc:datafield>
   <marc:datafield ind1=" " ind2=" " tag="041">
      <marc:subfield code="a">ger</marc:subfield>
   </marc:datafield>
   <marc:datafield ind1="1" ind2=" " tag="521">
      <marc:subfield code="a">ab 3 Jahren</marc:subfield>
   </marc:datafield>
   <marc:datafield ind1=" " ind2=" " tag="300">
      <marc:subfield code="a">ca. 56 Minuten</marc:subfield>
   </marc:datafield>
</marc:record>
